000 00745nam a2200253Ia 4500
003 OSt
005 20220916110911.0
006 a|||||r|||| 00| 0
007 ta
008 220915b |||||||| |||| 00| 0 hin d
024 _a215342
037 _cTextbook
040 _bhin
_aARTS
_cARTS
041 _ahin
082 _aO152,1:g(P), K0
100 _aमित्र, रामदहिन
245 0 _aकाव्यदर्पण
246 _aKāvyadarpaṇa
260 _aपठना
_bभारत
_c1970
300 _a434चण्
_ccm.
650 _aहिन्दी साहित्य
942 _hO152,1:g(P), K0
_cTB
_2CC
999 _c100807
_d100807